000 00790nam a2200229Ia 4500
001 9859
003 GE_BSU
008 181216s||||||||xx |||||||||||||| ||und||
020 _a99928430603
040 _cGE_BSU
080 _a821.353.1-1+821.353.1-193.3
100 _aბერიძე,კობა
245 _aქერა ნოემბერი
245 _bლექსები,სონეტები
245 _cრედ:სანდრო ბერიძე; მხატ:რედ:ჯემალ მიქელაძე.
260 _aბათუმი.
260 _bალიონი.
300 _a111გვ;17სმ.
541 _h1ლ.80თ.
653 _aქერა ნოემბერი:ლექსები,სონეტები
942 _cBK
999 _c43138
_d43138